000 00358nam a22001217a 4500
008 230626b xxu||||| |||| 00| 0 eng d
020 _a0850923484
082 _a337.
_bSCC 1990
245 _aInternational Economic Issues
_bContributions by the Commonwealth 1975-1990
260 _aLondon
_bCommonwealth Secretariat
_c1990
300 _aXI,270p
942 _2ddc
_cBK
999 _c2775
_d2775